| 000 | 00636nam a22002297a 4500 | ||
|---|---|---|---|
| 003 | OSt | ||
| 005 | 20220107122849.0 | ||
| 008 | 190530b xxu||||| |||| 00| 0 eng d | ||
| 020 | _a9781484227657 | ||
| 040 | _cIIITMK | ||
| 082 | _a006.31 KET/D;1 | ||
| 100 |
_aKetkar, Nikhil _915593 |
||
| 245 |
_aDeep learning with python: _bA hands on introduction _cNikhil Ketkar |
||
| 260 |
_aUSA, _bApress, _c2017. |
||
| 300 | _axvii, 226p. | ||
| 650 |
_aCOMPUTER SCIENCE _916444 |
||
| 650 |
_aCOMPUTER PROGRAMMING _916445 |
||
| 650 |
_aMACHINE LEARNING _916446 |
||
| 650 |
_aDEEP LEARNING _916447 |
||
| 650 |
_aPYTHON _916448 |
||
| 942 |
_2ddc _cBK |
||
| 999 |
_c6459 _d6459 |
||